000 00936nam a22002297a 4500
003 BD-RjUL
005 20231029172533.0
008 231029s2014 bg a|||| m||| 00| 0 eng d
035 _a(BD-RjUL)
040 _aBD-RjUL
_beng
_cBD-RjUL
_dBD-RjUL
041 _aeng
082 _223
_a307.72095492
_bKHE 2014
100 _aKhatun, Mst. Rahima
_99756
245 1 0 _aEffect of Micro-Credit on happiness and manifest anxiety of the Rural poor in Bangladesh /
_cSubmitted By Mst. Rahima Khatun ;
_6Supervisor : Md. Mozibul Huq Azad, Khan
260 _aRajshahi :
_bDepartment of Psychology, University of Rajshahi,
_c2014
300 _axi, 135 leaves
_bill, ;
_c29.cm.
502 _aThesis (Ph. D.) -- Department of Psychology, University of Rajshahi, 2014
504 _aReferences : Leaves 130 - 135
650 _aRural communities
_xCommunities
_zBangladesh
_99778
700 _aKhan, Md. Mozibul Huq Azad, Supervisor
_96478
942 _2ddc
_cTHE
999 _c82199
_d82199